Sports Quiz

Random Sports or Auto Racing Quiz

NASCAR Drivers (2008) Quiz Stats

 Plays Quiz Updated Sep 20, 2019

Score 0/49 Timer 10:00
2 Plays Today
# Driver % Correct
24Jeff Gordon
93.4%
48Jimmie Johnson
90.7%
20Tony Stewart
88.7%
88Dale Earnhardt Jr.
88.7%
18Kyle Busch
86.3%
2Kurt Busch
85.9%
7Robby Gordon
85.7%
8Mark Martin
82%
99Carl Edwards
74.7%
9Kasey Kahne
70.7%
55Michael Waltrip
66%
17Matt Kenseth
65.8%
29Kevin Harvick
65.7%
42Juan Montoya
64.5%
1Martin Truex Jr.
63.5%
11Denny Hamlin
63%
31Jeff Burton
60.5%
16Greg Biffle
59.5%
45Kyle Petty
59.2%
12Ryan Newman
58%
43Bobby Labonte
57.1%
26Jamie McMurray
55.5%
45Terry Labonte
54.7%
07Clint Bowyer
54.5%
83Brian Vickers
51.2%
# Driver % Correct
00David Reutimann
47.3%
5Casey Mears
46.4%
19Elliott Sadler
46%
15Paul Menard
43.8%
77Sam Hornish Jr.
43%
6David Ragan
42.3%
01Regan Smith
40.7%
44David Reutimann
34.8%
84A.J. Allmendinger
34.1%
21Bill Elliott
31%
21Marcos Ambrose
29.8%
22Dave Blaney
29.6%
41Reed Sorenson
29.2%
78Joe Nemechek
27.9%
38David Gilliland
25.1%
21John Wood
24.4%
66Scott Riggs
23.6%
28Travis Kvapil
22.4%
96J.J. Yeley
21.7%
00Michael McDowell
20%
8Aric Almirola
17.7%
40Dario Franchitti
17.3%
10Patrick Carpentier
15.9%
70Ken Schrader
12%

You're not logged in!

Compare scores with friends on all Sporcle quizzes.
OR
Log In

Sporcle TV

Today on Sporcle TV


Watch our educational content, quiz creation guides, and fun videos on Sporcle TV.

Show Comments

Extras

Top Quizzes Today


Score Distribution

Your Account Isn't Verified!

In order to create a playlist on Sporcle, you need to verify the email address you used during registration. Go to your Sporcle Settings to finish the process.

Report this User

Report this user for behavior that violates our Community Guidelines.

Details: